Účasť na štrajku - problémová prekážka v práci

Štúdia troch navzájom previazaných právnych problémov vznikajúcich pri uplatňovaní takej dôležitej osobnej prekážky v práci na strane zamestnanca akou je jeho účasť na štrajku. Vo väzbe na spôsobené aplikačné problémy analýza sporu, či plniť alebo neplniť oznamovaciu a preukaznú povinnosť pri účasti...

Ausführliche Beschreibung

Gespeichert in:
Bibliographische Detailangaben
1. Verfasser: Žuľová, Jana
Weitere Verfasser: Švec, Marek, Madleňák, Adam
Format: Buchkapitel
Sprache:Slowakisch
Schlagworte:
Tags: Tag hinzufügen
Keine Tags, Fügen Sie das erste Tag hinzu!

MARC

LEADER 00000nla a2200000 4500
001 0241357
005 20240417075133.7
041 0 |a slo 
044 |a SK 
245 1 0 |a Účasť na štrajku - problémová prekážka v práci  |c Jana Žuľová, Marek Švec, Adam Madleňák 
520 |a Štúdia troch navzájom previazaných právnych problémov vznikajúcich pri uplatňovaní takej dôležitej osobnej prekážky v práci na strane zamestnanca akou je jeho účasť na štrajku. Vo väzbe na spôsobené aplikačné problémy analýza sporu, či plniť alebo neplniť oznamovaciu a preukaznú povinnosť pri účasti na štrajku (väzby ust. § 144 a § 141 ods. 8 Zákonníka práce), problém samoplatenia zdravotného poistenia počas štrajku a pripravované legislatívne zmeny, a korelácie účasti zamestnanca na štrajku a čerpania dovolenky, ktoré sú z laického pohľadu spôsobilé eliminovať prvý aj druhý problém. 
610 2 0 |a prekážky v práci 
610 2 0 |a štrajky 
610 2 0 |a úpravy právne 
610 2 0 |a poistenie zdravotné 
610 2 0 |a zamestnanci 
610 2 0 |a zamestnávatelia 
610 2 0 |a Slovensko 
100 1 |a Žuľová, Jana 
700 1 |a Švec, Marek 
700 1 |a Madleňák, Adam